Sanat- "Vie mut kotiin" - Jesse Kaikuranta - Statistics

Yleistilastot
  • Tätä visaa on pelattu 57 kertaa
  • Keskiarvotulos 119 / 159
Vastaustilastot
Vastaus % Oikein
kotiin
100%
mut
100%
vie
100%
Vie
100%
ja
98%
Ja
98%
sydän
98%
et
95%
laita
95%
mun
95%
niin
95%
paikoilleen
95%
uudelleen
95%
koske
93%
pää
93%
en
91%
En
91%
kuka
91%
minut
91%
mua
91%
on
91%
voi
91%
enää
88%
omistaa
88%
se
88%
unohtaa
88%
joka
86%
etten
81%
81%
74%
oon
67%
taas
65%
vaan
63%
Tule
60%
valmiina
60%
hakemaan
53%
ostamaan
53%
sen
53%
myynnissä
51%
pyydä
51%
saa
49%
valmis
49%
liikoja
47%
muuttumaan
47%
anna
44%
jos
44%
muovikasseissa
44%
palan
44%
pari
44%
pyydän
44%
saat
44%
taivasta
44%
matkalaukussa
42%
rakkautta
42%
suudelmaa
42%
monta
40%
nyt
40%
enemmänkin
37%
hyvää
37%
korjasit
37%
milloinkaan
37%
riskillä
37%
takuita
37%
muistot
35%
pety
35%
rakkaus
35%
saattaa
35%
satuttaa
35%
vannon
35%
hinnalla
33%
Millä
33%
parhaani
33%
taskussa
33%
teen
33%
muista
30%
rikottuina
30%
viereesi
30%
alkaa
28%
kaduttaa
28%
kaupan
28%
päälle
28%
ettei
26%
vaihtaa
23%
Ehtoja vastaavia visoja ei löytynyt
Tulosjakauma
Jokaisen tuloksen saaneiden osuus
Persentiili vastausten määrän mukaan
Tuloshistoriasi
Et ole pelannut tätä visaa